000 00415 a2200157 4500
999 _c540
_d540
008 210413b ||||| |||| 00| 0 eng d
020 _a9789350517697
082 0 0 _a519.5
_bG9775
100 _aGupta, S. C.
245 _aFundamentals of statistics /
_cby S.C. Gupta
250 _a7th ed.
260 _aMumbai:
_bHimalaya Publishing House,
_c2018.
300 _axxvi, I-7 p.
650 0 _aStatistics
942 _2ddc
_cBK